Los recursos procesales
Đã lưu trong:
| Tác giả chính: | |
|---|---|
| Định dạng: | Sách |
| Ngôn ngữ: | Tiếng Tây Ban Nha |
| Được phát hành: |
Santiago
General Díaz
1937
|
| Phiên bản: | 2a. ed |
| Những chủ đề: | |
| Các nhãn: |
Thêm thẻ
Không có thẻ, Là người đầu tiên thẻ bản ghi này!
|
MARC
| LEADER | 00000nam a2200000 a 4500 | ||
|---|---|---|---|
| 001 | UCS0975 | ||
| 003 | CL-VaPUC | ||
| 008 | 970506e19370000CL |||||||||||||||||spa|d | ||
| 082 | 0 | 4 | |a 347.05 |b ALE |2 21 |
| 100 | 0 | |a Alessandri Rodríguez, Fernando |e author |9 384936 | |
| 245 | 1 | 4 | |a Los recursos procesales |
| 250 | |a 2a. ed | ||
| 300 | |a 165 p | ||
| 942 | |c BK | ||
| 945 | |d 19970506 00:00:00 |a paguirre | ||
| 260 | |a Santiago |b General Díaz |c 1937 | ||
| 650 | 0 | |a Derecho procesal civil |9 258071 | |
| 650 | 0 | |a Procedimiento civil |9 254870 | |
| 650 | 0 | |a Recursos procesales |9 255595 | |
| 650 | 0 | |a Recurso de apelación |9 380716 | |
| 650 | 0 | |a Tribunales |9 254872 | |
| 583 | |a last modification |c 19970506 00:00:00 |k Rodrigo Vera | ||
| 999 | |c 259090 |d 259088 | ||
| 952 | |0 0 |1 0 |4 0 |6 347_050000000000000_ALE_1937 |7 0 |8 A |9 283642 |a BIBDER |b BIBDER |d 2019-11-19 |i 1839896 |o 347.05 ALE 1937 |p 1839896 |r 2023-01-25 |w 2019-11-19 |y BK |k DER | ||